000 01506nam a2200349 a 4500
001 47151
003 BD-RjUL
005 20211209054251.0
008 200807s1980 enka b 101 0 eng
020 _a0471277770 :
_c£17.00
035 _a(BD-RjUL)47270
040 _aDLC
_cDLC
_dBD-RjUL
_beng
041 _aeng
082 0 0 _a658.3142
_223
_bINC 1980
111 2 _aInternational Conference on Changes in the Nature and Quality of Working Life
_d(1979 :
_cThessaloníki, Greece)
_9144277
245 1 0 _aChanges in working life :
_bproceedings of an International Conference on Changes in the Nature and Quality of Working Life /
_csponsored by the Human Factors Panel of the NATO Scientific Affairs Division ; edited by K.D. Duncan, M.M. Gruneberg, D. Wallis.
260 _aChichester [Eng.] ;
_aNew York :
_bJ. Wiley,
_cc1980.
300 _axiv, 568 p. :
_bill. ;
_c24 cm.
504 _aIncludes bibliographies and index.
650 0 _aWorking class
_xCongresses.
_9143579
650 0 _aMachinery in the workplace
_xCongresses.
_9143580
650 0 _aWork environment
_xCongresses.
_9143581
650 0 _aJob satisfaction
_xCongresses.
_9143582
650 0 _aEmployee motivation
_xCongresses.
_9143583
650 0 _aQuality of work life
_xCongresses.
_9143584
700 1 _aDuncan, K. D.
_9143585
700 1 _aGruneberg, Michael M.
_9143586
700 1 _aWallis, Don.
_9143587
710 2 _aNATO Special Program Panel on Human Factors.
_9143588
740 0 _aQuality of working life.
942 _2ddc
_cBK
999 _c47151
_d47151